00358nam a2200133Ia 4500003000400000005001700004008004100021040000900062082001500071100002600086245005800112260004500170300000900215OSt20200519095208.0190216s9999||||xx |||||||||||||| ||und|| coclc a297bFID/C aFida, Abbas Abdullah  4aThe Comprehensive Islamic Book /cAbbas Abdullah Fida bAl Haramein Trade Centre,c1986.aMecca: a148p